000
00190nam a2200085Ia 4500
008
120527s9999 xx 000 0 und d
100
_a
Stoner & Richardson
245
_a
Magnetism.
942
_c
BK
999
_c
27826
_d
27826